| 000 | 00000nam##2200000za#4500 |
| 001 | 9.688374 |
| 003 | CaOODSP |
| 005 | 20210705115228 |
| 007 | cr ||||||||||| |
| 008 | 150407|2006||||xxc|||||o f|0| 0 eng|d |
| 020 | |a1-55392-815-6 |
| 040 | |aCaOODSP|beng |
| 043 | |an-cn--- |
| 086 | 1 |aH118-38/2006E-PDF |
| 110 | 1 |aCanada. |bCanadian Institute for Health Information. |
| 245 | 10|aGiving birth in Canada : the costs |h[electronic resource] |
| 260 | |aOttawa - Ontario : |bCanadian Institute for Health Information |c2006. |
| 300 | |a62p.|bfigs., graphs, illus. |
| 504 | |aBibliography. |
| 520 | 3 |aGiving Birth in Canada: The Costs explores the costs associated with delivering maternity and infant care in Canada, including provincial, national and international comparisons, where available. |
| 590 | |a06-18|b2006-05-05 |
| 690 | 07|aBirth|2gcpds |
| 690 | 07|aHealth care|2gcpds |
| 690 | 07|aCosts|2gcpds |
| 775 | 08|tDonner naissance au Canada : les coûts |w(CaOODSP)9.632798 |
| 776 | 0#|tGiving birth in Canada : the costs |w(CaOODSP)9.650176 |
| 856 | 40|ahttp://publications.gc.ca|qPDF|s1082 KB|uhttps://publications.gc.ca/collections/Collection/H118-38-2006E.pdf |